LEADER 01258nam a2200289 a 4500 001 000000127935 003 CaOOAMICUS 005 20120309152147.0 008 120309s2011 it u000 u ita r 020 $a978-88-13-31751-5 040 $aPUL$bita 082 04$a347.4505 100 1 $aViola, Luigi.$0(OLS)http://pul/name/72529 245 13$aLa semplificazione dei riti civili :$bcommento al D. lgs. 1 settembre 2011, n. 150 /$cLuigi Viola. 260 $aPadova :$bCEDAM,$c2011. 300 $aXVII, 411 p. ;$c24 cm 500 $aSul front.: Disponibile anche in e-book. 504 $aInclude riferimenti bibliografici ed indice. 650 4$aProcesso civile$xLegislazione$zItalia.$0(OLS)http://pul/subject/38536 850 $aPUL 852 $aPUL$W1$xSL Diritto e Scienze Sociali 3$y79$m347. 4505 VIOLU 1$j148083$qDDC 21$B146680$CPULBib$Z2$F146680 $H118954 $83 941 1 $a9 996 $6020$a978-88-13-31751-5$9(OLS)http://pul/number/149120 996 $6082$a347.4505$9(OLS)http://pul/classification/2032 996 $6245$aLa semplificazione dei riti civili :$bcommento al D. lgs. 1 settembre 2011, n. 150$9(OLS)http://pul/title/161677 996 $6260$aPadova :$bCEDAM$9(OLS)http://pul/publisher/48126 LEADER 01187nam a2200253 a 4500 001 000000155380 003 CaOOAMICUS 005 20161020180024.0 008 161020s1973 it u000 u ita r 032 $aLibriCat 040 $aPUL$bita 100 1 $aGrosso, Giuseppe.$0(OLS)http://pul/name/7480 245 10$aMario Allara : $bcommemorazione letta nell'Aula Magna dell'Università di Torino il 9 luglio 1973 / $cGiuseppe Grosso. 260 $aTorino :$bGiappichelli,$c1973. 300 $a28 p. ;$c25 cm. 490 1 $aUniversità di Torino. Memorie dell'Istituto giuridico. Serie II ;$v148 600 14$aAllara, Mario,$d1902 1973.$0(OLS)http://pul/subject/43872 830 0$aMemorie dell'Istituto giuridico (Università di Torino).$nSerie II ;$v148.$0(OLS)http://pul/title/2705 850 $aPUL 852 $aPUL$W1$xDP1 Cons. Gen., Altre Classi 1$y22$m1039 F 2.148$j178462$qStampati$B181673$CPULBib$Z2$F181673 $81 941 1 $a8 996 $6245$aMario Allara : $bcommemorazione letta nell'Aula Magna dell'Università di Torino il 9 luglio 1973 / $9(OLS)http://pul/title/195037 996 $6260$aTorino :$bGiappichelli$9(OLS)http://pul/publisher/48244